Una burbuja en el limbo

Zapisane w:
Opis bibliograficzny
1. autor: Dobles, Fabián
Format: Książka
Język:Undetermined
Wydane: San José, Costa Rica L´ Atelier 1946
Hasła przedmiotowe:
Etykiety: Dodaj etykietę
Nie ma etykietki, Dołącz pierwszą etykiete!

MARC

LEADER 00000nam a2200000Ia 4500
008 170316s9999 xx 000 0 und d
040 |a cru BVZT 
090 |a 868 D-9u 
100 |a Dobles, Fabián 
245 |a Una burbuja en el limbo 
260 |a San José, Costa Rica 
260 |b L´ Atelier 
260 |c 1946 
300 |a 194 páginas 
650 |a LITERATURA COSTARRICENSE 
650 |a NOVELA 
999 |c 10985  |d 10985 
942 |c 15 D  |h 868 D-9u  |2 z